00000000nam##2200000za#4500
0019.646221
003CaOODSP
00520200330131040
007ta
008150407|1996||||xxc|||||     f|0| 0 eng|d
020 |a0-662-24599-7
040 |aCaOODSP|beng
043 |an-cn---
0861 |aEn106-34/1996E
1101 |aCanada. |bCanadian Environmental Assessment Agency.
24514|aThe Canadian Environmental Assessment Act : |breference guide on physical and cultural heritage resources
260 |aOttawa - Ontario : |bCanadian Environmental Assessment Agency |c1996.
300 |a32p. : |breferences, tables ; |c28 cm.
500 |a"This reference guide: discusses the relevant requirements of the Act to consider the effects of a project on tangible cultural heritage resources; reviews the concept of cultural heritage resources; lists key principles in the assessment of cultural heritage resources; proposes a framework to assess a project's environmental effects on cultural heritage resources under the Act; and provides a list of key references on the subject."--Introduction. Title from cover.
5203 |aThis reference guide: discusses the relevant requirements of the Act to consider the effects of a project on tangible cultural heritage resources; reviews the concept of cultural heritage resources; lists key principles in the assessment of cultural heritage resources; proposes a framework to assess a project's environmental effects on cultural heritage resources under the Act; and provides a list of key references on the subject.--Introduction
563 |aProcessed
590 |a96-28|b1996-07-12
69007|aEnvironmental impact assessment|2gcpds
69007|aCultural heritage|2gcpds
77508|tLoi canadienne sur l'évaluation physique et culturel : |w(CaOODSP)9.679791
7760#|tA reference guide for the Canadian Environmental Assessment Act : |w(CaOODSP)9.695844